2004-しなの鉄道の駅 - Statistics

General Stats
  • This quiz has been taken 257 times
    248 since last reset
  • The average score is 20 of 27
Answer Stats
本線 % Correct
軽井沢
98%
上田
98%
篠ノ井
96%
小諸
94%
長野
94%
妙高高原
91%
北長野
89%
中軽井沢
87%
テクノさかき
86%
豊野
84%
坂城
82%
屋代
79%
三才
78%
西上田
77%
黒姫
77%
戸倉
72%
田中
71%
屋代高校前
70%
御代田
68%
千曲
67%
牟礼
64%
信濃追分
63%
信濃国分寺
56%
滋野
51%
大屋
51%
平原
48%
古間
47%
No matching quizzes found
Score Distribution
Percent of People with Each Score
Percentile by Number Answered
Your Score History
You have not taken this quiz since the last reset